书目信息 |
| 题名: |
世界征服者史
|
|
| 作者: | 志费尼 著 ;何高济 译 | |
| 分册: | 上册 | |
| 出版信息: | 呼和浩特 内蒙古人民出版社 1980.5 |
|
| 页数: | 424页页 | |
| 开本: | 20cm | |
| 丛书名: | ||
| 单 册: | ||
| 中图分类: | K247.06 | |
| 科图分类: | ||
| 主题词: | 中国--历史 | |
| 电子资源: | ||
| ISBN: | ||
| 000 | 00574nam0 2200193 45 | |
| 001 | 0312221749 | |
| 005 | 20060720110236.92 | |
| 010 | @dCNY2.00 | |
| 100 | @a20031222d1980 km y0chiy0120 ea | |
| 101 | @achi | |
| 200 | 1 | @a世界征服者史@AShi Jie Zheng Fu Zhe Shi@h上册@f(伊朗)志费尼著@F(Yi Lang)Zhi Fei Ni Zhu@g何高济等译 |
| 210 | @a呼和浩特@c内蒙古人民出版社@d1980.5 | |
| 215 | @a424页页@c地图@d20cm | |
| 606 | 0 | @a中国@x历史 |
| 690 | @aK247.06@v3 | |
| 701 | 0 | @a志费尼@4著 |
| 702 | 0 | @a何高济@4译 |
| 801 | @aCN@bTSTCL@c20060720 | |
| 905 | @a213230@dK247.06@e21:1@b228747-748@f2 | |
| 世界征服者史.上册/(伊朗)志费尼著/何高济等译.-呼和浩特:内蒙古人民出版社,1980.5 |
| 424页页:地图;20cm |
| ISBN :CNY2.00 |
| ● |
| 相关链接 |
|
|
|
|
正题名:世界征服者史
索取号:K247.06/21:1
 
预约/预借
| 序号 | 登录号 | 条形码 | 馆藏地/架位号 | 状态 | 备注 |
| 1 | 0228747 | 001833332 | 密集书库/ [索取号:K247.06/21:1] | 在馆 | |
| 2 | 0228748 | 001833323 | 密集书库/ [索取号:K247.06/21:1] | 在馆 | |
| 3 | 0435355 | 204353555 | 密集书库/ [索取号:K247.06/21:1] | 在馆 | |
| 4 | 0435356 | 204353564 | 密集书库/ [索取号:K247.06/21:1] | 在馆 |